| 000 | 01189nam a2200325 a 4500 | ||
|---|---|---|---|
| 001 | 000114368 | ||
| 003 | CHAP | ||
| 005 | 20220329144438.0 | ||
| 008 | 180116s2017 mx a fsm |||||||spa d | ||
| 010 | _a110829 | ||
| 011 | _a111801 | ||
| 040 | _cCHAP | ||
| 090 | _aTesis | ||
| 100 | 1 |
_aCruz Bonilla, Leidy Mariel _9134358 |
|
| 245 | 1 | 0 |
_aAnálisis del comportamiento y competitividad de la producción y comercio de la manzana en México / _h[En línea] _cpor Leidy Mariel Cruz Bonilla. |
| 260 |
_aChapingo, Méx. : _bEl autor, _c2017. |
||
| 500 | _aPara ver el contenido del material haga clic en la liga | ||
| 502 | _aTesis (Lic. en Economía ) -- UACH. División de Ciencias Económico-Administrativas | ||
| 590 |
_aE8697GMM _b05 _c20180116 _lUCH01 _h1229 |
||
| 590 |
_aE8697GMM _b05 _c20180116 _lUCH01 _h1248 |
||
| 590 |
_aE8697GMM _b05 _c20180116 _lUCH01 _h1359 |
||
| 650 | 1 | 4 |
_aManzana _xAspectos económicos. _970735 |
| 650 | 1 | 4 |
_aManzana _xMercadeo. _970786 |
| 650 | 1 | 4 |
_aManzana _xProducción. _9129630 |
| 650 | 1 | 4 |
_aManzana _xRendimiento. _970802 |
| 856 |
_aFinding aid _uhttp://10.13.5.2/tesis/sist114368.pdf _zTeclea aquí |
||
| 901 | _aBK | ||
| 942 | _cTESIS | ||
| 942 | _n0 | ||
| 999 |
_c110829 _d110829 |
||